Органическая химия: учебное пособие

Dettagli Bibliografici
Autore principale: Иванов В. Г. Виталий Георгиевич
Altri autori: Горленко В. А. Валентина Андреевна, Гева О. Н. Ольга Николаевна
Riassunto:Изложены основы современной органической химии, сведения о строении органических веществ, о связи их строения с реакционной способностью. Наряду с общетеоретическими вопросами описаны важнейшие классы органических веществ, вещества — загрязнители окружающей среды, их миграция и трансформация. Особое внимание уделено рассмотрению соединений, интересных с точки зрения биологии и медицины.Для студентов высших педагогических учебных заведений.
Lingua:russo
Pubblicazione: Москва, Академия, 2008
Edizione:4-е изд., испр.
Serie:Высшее профессиональное образование. Педагогические специальности
Soggetti:
Natura: MixedMaterials Libro
KOHA link:https://koha.lib.tpu.ru/cgi-bin/koha/opac-detail.pl?biblionumber=140562

MARC

LEADER 00000nam0a2200000 4500
001 140562
005 20231101220847.0
010 |a 9785769546341 
035 |a (RuTPU)RU\TPU\book\152278 
090 |a 140562 
100 |a 20080702d2008 m y0rusy50 ca 
101 0 |a rus 
102 |a RU 
105 |a a j 001zy 
200 1 |a Органическая химия  |e учебное пособие  |f В. Г. Иванов, В. А. Горленко, О. Н. Гева 
205 |a 4-е изд., испр. 
210 |a Москва  |c Академия  |d 2008 
215 |a 622 с.  |c ил. 
225 1 |a Высшее профессиональное образование. Педагогические специальности 
320 |a Список литературы: с. 603-604. 
320 |a Алфавитный указатель: с. 605-617. 
330 |a Изложены основы современной органической химии, сведения о строении органических веществ, о связи их строения с реакционной способностью. Наряду с общетеоретическими вопросами описаны важнейшие классы органических веществ, вещества — загрязнители окружающей среды, их миграция и трансформация. Особое внимание уделено рассмотрению соединений, интересных с точки зрения биологии и медицины.Для студентов высших педагогических учебных заведений. 
606 1 |a Органическая химия  |2 stltpush  |3 (RuTPU)RU\TPU\subj\47309  |9 66362 
610 1 |a атом 
610 1 |a химические связи 
610 1 |a молекулы 
610 1 |a органические реакции 
610 1 |a кислоты 
610 1 |a основания 
610 1 |a изометрия 
610 1 |a алифатические углеводороды 
610 1 |a алканы 
610 1 |a алкены 
610 1 |a алкины 
610 1 |a спирты 
610 1 |a эфиры 
610 1 |a карбоновые кислоты 
610 1 |a амины 
610 1 |a аминокислоты 
610 1 |a пептиды 
610 1 |a белки 
610 1 |a углеводы 
610 1 |a моносахариды 
610 1 |a олигосахариды 
610 1 |a полисахариды 
610 1 |a циклические углеводороды 
610 1 |a ароматические углеводороды 
610 1 |a фенолы 
610 1 |a альдегиды 
610 1 |a кетоны 
610 1 |a бензолы 
610 1 |a гетероциклические соединения 
610 1 |a алкалоиды 
610 1 |a антибиотики 
610 1 |a учебные пособия 
675 |a 547(075.8)  |v 3 
700 1 |a Иванов  |b В. Г.  |g Виталий Георгиевич 
701 1 |a Горленко  |b В. А.  |g Валентина Андреевна 
701 1 |a Гева  |b О. Н.  |g Ольга Николаевна 
801 1 |a RU  |b 63413507  |c 20080702  |g PSBO 
801 2 |a RU  |b 63413507  |c 20160628  |g PSBO 
900 |a Органическая химия 
942 |c BK 
951 |b 020200  |b 020201 
959 |a 69/20080701  |d 5  |e 358,00  |f АНЛ:1  |f ЧЗТЛ:1  |f УФ:3